00235nam a2200097Ia 4500008004100000082000800041100001900049245004800068942000600116999001500122240331s9999 xx 000 0 und d bJAY aJayawardena, K 0aFeminism and nationalism in the third world cL c5597d5597